000 01004nam a2200229Ia 4500
001 L248-15110
003 IT-CnALBA
008 170116s9999||||xx |||||||||||||| ||und||
040 _aIT-CnALBA
_cIT-CnALBA
041 _aITALIANO
100 _aCHARLES PIERRE, SJ.
245 0 _aLA PREGHIERA VISSUTA.
250 _a8a ed.
260 _a TORINO - ROMA
_bMARIETTI EDITORE
_c1963 [1° Ed.:1955]
300 _a613 p. (prefazione: 7)
500 _aA CURA DI G. BOSCHIS, SJ. SAARITANA. MOLTIPLICAZIONE DEI PANI. MADRE DI DIO. FIGLIO PRODIGO. MADDALENA. BUON SAMARITANO. BEATITUDINI. ZIZZANIA. CHIAMATA. SEQUELA. ETC...
501 _aSocietà San Paolo EM - Piazza San Paolo, 14 - 12051 ALBA (CN) (non commercial uses only) ® Copyright 2017
520 _aA CURA DI G. BOSCHIS, SJ. SAARITANA. MOLTIPLICAZIONE DEI PANI. MADRE DI DIO. FIGLIO PRODIGO. MADDALENA. BUON SAMARITANO. BEATITUDINI. ZIZZANIA. CHIAMATA. SEQUELA. ETC...
650 _aASCETICA E MISTICA
942 _cBK
957 _71
999 _a19860
_bNO
_g Copie: 1
_c274279
_d274279